Chinese Military Aircraft Quiz - PLA - Statistics

General Stats
  • This quiz has been taken 12 times
    4 since last reset
  • The average score is 18 of 40
Answer Stats
Picture Hint Answer % Correct
Chengdu J-10A Měng lóng
100%
Shenyang J-11BS Yīng lóng
100%
Shenyang J-15D Fēi shā
100%
Shenyang J-16 Qián lóng
100%
Chengdu J-20 Wēi lóng
100%
Shenyang J-35A
100%
Xi'an H-6K Zhàn shén
75%
Xi'an JH-7A Fēi bào
75%
Shaanxi KJ-200
75%
Xi'an Y-20 Kūnpéng
75%
Changhe Z-10 Pīlì huǒ
75%
Shenyang J-5
50%
Shenyang J-6
50%
Chengdu J-7III
50%
Shenyang J-8B
50%
Hongdu JL-10 Liè yīng
50%
Hongdu JL-8
50%
Guizhou JL-9 Shān yīng
50%
Shaanxi KJ-2000
50%
Shaanxi KJ-500
50%
Shaanxi Y-9
50%
Changhe Z-18F
50%
Harbin Z-19 Hēi xuànfēng
50%
Harbin Z-20J
50%
Harbin Z-9
50%
Nanchang CJ-6A
25%
Harbin H-5
25%
Xi'an KJ-600
25%
Nanchang Q-5A
25%
Changhe Z-8L
25%
Nanchang J-12
0%
Shaanxi KQ-200
0%
Harbin SH-5
0%
Harbin Y-12C
0%
Shijiazhuang Y-5A Fēngshōu
0%
Xi'an Y-7-100
0%
Shaanxi Y-8
0%
Changhe Z-11
0%
Harbin Z-5
0%
Harbin Z-6
0%
No matching quizzes found
Score Distribution
Percent of People with Each Score
Percentile by Number Answered
Your Score History
You have not taken this quiz since the last reset